EDULEARN21 : Proceedings : 13th International Conference on Education and New Learning Technologies : Online Conference. 5-6 July, 2021
Enregistré dans:
| Collectivité auteur: | |
|---|---|
| Format: | Actes de congrès Livre |
| Langue: | anglais |
| Publié: |
Valencia
IATED Academy
2021
|
| Édition: | 1. vyd. |
| Tags: |
Pas de tags, Soyez le premier à ajouter un tag!
|
MARC
| LEADER | 00000nam a22000003a 4500 | ||
|---|---|---|---|
| 001 | 0089794 | ||
| 003 | SK-STU | ||
| 005 | 20210809103535.2 | ||
| 007 | ta | ||
| 008 | 210809s ----xo-----e------100-0-----d | ||
| 020 | |a 978-84-09-31267-2 | ||
| 022 | |a 2340-1117 | ||
| 040 | |a STU |b slo | ||
| 041 | 0 | |a eng | |
| 044 | |a sp | ||
| 111 | 2 | |a International Conference on Education and new Learning Technologies |n 13th |d 5.-6.7.2021 |c Online Conference |e Edulearn21 | |
| 245 | 1 | 0 | |a EDULEARN21 : |b Proceedings : 13th International Conference on Education and New Learning Technologies : Online Conference. 5-6 July, 2021 |
| 250 | |a 1. vyd. | ||
| 260 | |b IATED Academy |c 2021 |a Valencia | ||
| 300 | |a USB | ||
| 996 | |b 284M088778 |c M* CD-2777 |l MMKN |s A |a 24 |w 0089794_0001 | ||